MDQL
is popping MORE tags! Check the
thread
!
Quizzes
Events
Quiz Creation
Community
Videos
Private Events
Remove Ads
Sign In
Join for FREE
Feedback
Dark Mode
Quiz Categories
Sports
Geography
Music
Movies
Television
Just For Fun
Miscellaneous
History
Literature
Language
Science
Gaming
Entertainment
Religion
Holiday
For Kids
Quiz Lab
Recent
Popular Today
Quiz Kudos Today
Editor Picks
Curator Picks
Quizzes by...
Day
Popularity
Type
Ratings
Length
Year
Community
Subscriptions
Recent Discussions
Orange Saloon
Badges
Playlists
Quests
Create
Leaderboards
Showdown
Live 5
Trivia Bingo
Activity
Puzzle Library
Sporcle Events
Private Events
Virtual Trivia
Globe League
Become a Host
Pub Owners
SporcleCon
Opinionation
Our Games
Videos
Blog
Mobile Apps
Partnerships
Remove Ads and Go Orange
Feedback
Movies
Disney
Marvel Cinematic Universe
Movie Resume
Movie Titles
Oscar
Actor
Actress
Director
Pixar
Role
Movie Quotes
Movie Characters
Box Office
Nominee
Best Picture
Star Wars
James Bond
Horror Movies
Movies
Disney
Marvel Cinematic Universe
Movie Resume
Movie Titles
Oscar
Actor
Actress
Director
Pixar
Role
Movie Quotes
Movie Characters
Box Office
Nominee
Best Picture
Star Wars
James Bond
Horror Movies
Random Quiz
Search Sporcle
×
Quiz Lab
Quiz Lab
Movies
Type in answers that appear in a list
Type in answers that appear in a list
Classic
Best Score? Go Orange.
Top 100 Animated Films Stats
Can you name the top 100 animated films according to Digital Dream Door?
By
b_n
15m
100 Questions
2,430 Plays
2,430 Plays
2,430 Plays
Comments
Comments
Give Quiz Kudos
Give Quiz Kudos
-
- Ratings
hide this ad
More Info
Replay
Link that replays current quiz
Next Quiz
Link to next quiz in quiz playlist
You Got
0%
They Got
Avg Score
36%
Avg Friend Score
Upgrade to see
Score Distribution
Jump to the score distribution portion of the page
Score
0/100
Timer
15:00
0
Plays Today
Rank
Film
% Correct
1.
Snow White and the Seven Dwarfs
94.4%
3.
Toy Story
93.2%
5.
The Lion King
87.1%
15.
Cinderella
87%
38.
Toy Story 2
87%
8.
Beauty and the Beast
84.3%
2.
Fantasia
82.1%
19.
Finding Nemo
80.2%
20.
Aladdin
80%
33.
Up
78.9%
27.
Shrek
78.7%
26.
The Little Mermaid
78.1%
12.
Sleeping Beauty
77.5%
31.
Monsters Inc.
74.3%
21.
WALL-E
73.9%
4.
Pinocchio
72.7%
7.
Bambi
72.2%
55.
The Incredibles
71.7%
47.
A Bug's Life
70.8%
17.
Dumbo
69.5%
59.
The Jungle Book
65%
78.
Pocahontas
63.1%
41.
Ratatouille
62.4%
58.
Lady and the Tramp
60.5%
35.
Peter Pan
60.3%
75.
Hercules
58.9%
46.
101 Dalmatians
55.6%
9.
Spirited Away
55.4%
50.
Tarzan
54.9%
99.
Robin Hood
54.9%
77.
Antz
52.1%
82.
The Hunchback of Notre Dame
52%
48.
Alice in Wonderland
51.1%
94.
The Fox and the Hound
49.5%
Rank
Film
% Correct
96.
Ice Age
43.1%
13.
Who Framed Roger Rabbit
42.8%
11.
The Nightmare Before Christmas
42.7%
65.
Lilo & Stitch
40.8%
6.
Princess Mononoke
39.9%
97.
The Rescuers Down Under
36.7%
18.
My Neighbour Totoro
36.6%
79.
Howl's Moving Castle
36.3%
10.
Akira
34.9%
66.
Anastasia
33.6%
28.
The Iron Giant
33.4%
80.
The Land Before Time
33%
67.
South Park: Bigger, Longer, & Uncut
30.7%
43.
Coraline
29.2%
68.
An American Tail
28.5%
87.
All Dogs Go to Heaven
27.4%
70.
Ponyo
26.4%
81.
The Prince of Egypt
26.4%
56.
The Secret of NIMH
25.5%
90.
Corpse Bride
24.8%
36.
Watership Down
24.7%
16.
Grave of the Fireflies
24.2%
42.
Kiki's Delivery Service
23.8%
61.
The Three Caballeros
23.3%
34.
Castle in the Sky
21.1%
39.
James and the Giant Peach
20.7%
84.
The Lord of the Rings
20.3%
29.
Ghost in the Shell
20.2%
23.
Fritz the Cat
19.5%
32.
Song of the South
19.5%
64.
Fun and Fancy Free
19%
62.
Make Mine Music
18.7%
14.
Yellow Submarine
17.6%
76.
Porco Rosso
17.3%
Rank
Film
% Correct
52.
Nausicaa of the Valley of the Wind
16.7%
63.
The Adventures of Ichabod and Mr. Toad
16.1%
86.
The Brave Little Toaster
16%
40.
The Triplets of Belleville
14.1%
100.
Beavis & Butthead Do America
13.2%
51.
A Scanner Darkly
12.1%
49.
Charlotte's Web
11.9%
22.
Animal Farm
11.8%
24.
Fantastic Planet
11.2%
25.
Waking Life
10.3%
73.
Paprika
10.1%
88.
Wizards
9.8%
95.
The Castle of Cagliostro
9.6%
71.
American Pop
9.3%
60.
Perfect Blue
9.2%
45.
Coonskin
8.9%
30.
Heavy Traffic
8.7%
53.
Whisper of the Heart
8.1%
74.
Gulliver's Travels
7.4%
69.
Metropolis
7.2%
83.
Cowboy Bebop: The Movie
7.2%
57.
Ninja Scroll
7%
92.
The Plague Dogs
6.1%
54.
The Phantom Tollbooth
5%
72.
Vampire Hunter D
4.9%
89.
Vampire Hunter D: Bloodlust
4.9%
91.
Gay Purr-ee
4.6%
44.
Allegro Non Troppo
3.8%
37.
Time Masters
3.5%
98.
Aero-Troopers
3.3%
93.
Twilight of the Cockroaches
3%
85.
Wicked City
2.7%
Quiz Playlist
Details
Report
Send in Message
Add To Playlist
More Info:
Some films are part live-action
Classic:
Type in answers that appear in a list
Quiz Source
Last Updated: Sep 26, 2018
Quiz Scoreboard
CHALLENGE
Sign Up to Join the Scoreboard
Show All
Scores
Hide
Comments
May contain spoilers
Recently Published
Holiday 10x10 Sorting Gallery
by lukepisani3
Holiday
15m
Two Season TV Shows II
by 123Four
Television
10m
Image Sorting: Flags VI
by Barbecue
Geography
2m
More to Explore
Quiz From the Vault
Featured Blog Post
14 Easter Pick-up Lines to Find Eggs With
hide this ad
You Might Also Like...
Tags
This quiz does not have any tags.
Today's Top Quizzes in Movies
Browse Movies
hide this ad
Top Contributed Quizzes in Movies
1
The ultimate James Bond movie quiz
2
Find The 'Big' Movie
3
Find The 'Wild' Movie
4
Find The 'Blue' Movie
5
Movies By Plot
6
Hidden Star Wars Character II
7
25 Best Actor Nominees (1990s)
8
Hidden Star Wars Character III
9
😉 2024 Oscar Nominees by Emoji
10
Hidden Star Wars Character IV
Explore More
Trending Topics
Anime
Marvel
Harry Potter
NBA
Crossword
Kpop
Disney
The Office
Song
Pokémon
NFL
Puzzle
Country
Soccer
WWE
hide this ad
More By:
b_n
Quiz
Plays
Rating
Category
Featured
Created
150 Classic Rock Bands
232,561
4.56
Music
Mar 28, 2012
300 Indie/Alternative Bands
10,073
4.38
Music
Mar 10, 2012
Skyrim Ingredients
7,345
4.79
Gaming
Feb 7, 2012
Empire's 500 Greatest Films 1-100
6,121
3.95
Movies
Nov 30, 2009
300 TV Shows by Characters
4,815
4.59
Television
Nov 22, 2012
Go to Creator's Profile
Score Distribution
Quiz Creator Spotlight
b_n
Follow
Send a Message
Quizzes Created
-
Created Quiz Play Count
-
More By This Creator
Popular Quizzes Today
1
Find the US States - No Outlines Minefield
2
Colored Red Africa Blitz
3
Find the 'City' Movie
4
The Countries of the World
5
Find the US States
6
5x2 Blitz: Bands
7
Find the Countries of Europe - No Outlines Minefield
8
US States
More Movies Quizzes
A Star Wars Quiz With A 'Dark' Side
Curator's Pick
Trending Quizzes
Colored Red Europe Blitz I
Colored Red Europe Blitz II
Colored Red Africa Blitz II
Colored Red Europe Blitz III
Colored Red Africa Blitz III
Recently Updated
Odd Team Out - Big 4 Players
pecheneg
Quick Pick: 20 Twenties
pecheneg
March Madness Men's Triple Doubles
pecheneg
How Do You Spell That?
pecheneg
Godzilla Movies
pecheneg
Grab Bag: 4-10 Letters
pecheneg
2024 March Madness Bracket
pecheneg
Famous TV Couples
Peacemaker
Champions League XIs: Real Madrid
pecheneg
Largest US Cities 1790-2010
pecheneg
Trending Topics
Disney
NBA
Anime
Marvel
Kpop
Harry Potter
Crossword
Pokémon
WWE
NFL
Soccer
Puzzle
The Office
Country
Song
Your Account Isn't Verified!
In order to create a playlist on Sporcle, you need to verify the email address you used during registration. Go to your
Sporcle Settings
to finish the process.
Report this User
Report this user for behavior that violates our
Community Guidelines
.
Details:
Send Report
Go to the Sporcle.com Mobile Site →
Comments